Wirtschaftsinformatik 2 Strukturierte Programmierung in COBOL

Salvato in:
Dettagli Bibliografici
Autore principale: Göpfrich, Hans Rudolf
Natura: Libro
Lingua:tedesco
Pubblicazione: Stuttgart Fischer 1991
Edizione:4. durchges. Aufl.
Soggetti:
Tags: Aggiungi Tag
Nessun Tag, puoi essere il primo ad aggiungerne!!

MARC

LEADER 00000nam a2200000 4500
001 c003545
005 20221214102303.8
020 |a 3-437-40251-X 
041 0 |a ger 
044 |a DE 
245 1 0 |a Wirtschaftsinformatik 2  |b Strukturierte Programmierung in COBOL  |c Hans Rudolf Göpfrich 
250 |a 4. durchges. Aufl. 
264 1 |a Stuttgart  |b Fischer  |c 1991 
300 |a 443 s. 
610 2 0 |a informatika ekonomická 
610 2 0 |a jazyky programovacie 
610 2 0 |a COBOL 
610 2 0 |a metodika 
610 2 0 |a programy aplikačné 
610 2 0 |a spracovanie dát 
610 2 0 |a knižnice programov 
610 2 0 |a komunikácia 
100 1 |a Göpfrich, Hans Rudolf